000 01631nam a2200385 a 4500
001 ebr10585572
003 CaPaEBR
006 m u
007 cr cn|||||||||
008 770524s1976 ne ad sb 101 0 eng d
010 _z 77356947
020 _z0202900282
020 _z9027977690
020 _z9789027977694
020 _z9783110804782 (e-book)
040 _aCaPaEBR
_cCaPaEBR
035 _a(OCoLC)811402658
050 1 4 _aLB45
_b.A58 1976eb
082 0 4 _a301.5/6
245 0 4 _aThe anthropological study of education
_h[electronic resource] /
_ceditors, Craig J. Calhoun, Francis A.J. Ianni.
260 _aThe Hague :
_bMouton Publishers,
_c1976.
300 _axii, 360 p. :
_bill.
440 0 _aWorld anthropology
500 _a"Distributed in the U.S.A. and Canada by Aldine, Chicago."
500 _aPapers prepared for the 9th International Congress of Anthropological and Ethnological Sciences, Chicago, 1973.
504 _aIncludes bibliographical references and indexes.
533 _aElectronic reproduction.
_bPalo Alto, Calif. :
_cebrary,
_d2011.
_nAvailable via World Wide Web.
_nAccess may be limited to ebrary affiliated libraries.
650 0 _aEducational anthropology
_vCongresses.
655 7 _aElectronic books.
_2local
700 1 _aCalhoun, Craig J.,
_d1952-
700 1 _aIanni, Francis A. J.
710 2 _aebrary, Inc.
711 2 _aInternational Congress of Anthropological and Ethnological Sciences
_n(9th :
_d1973 :
_cChicago, Ill.)
856 4 0 _uhttp://site.ebrary.com/lib/rucke/Doc?id=10585572
_zAn electronic book accessible through the World Wide Web; click to view
999 _c106363
_d106363